Statistics for One 2022 Australian Open Men's Player by Country

Click here to take the quiz!

General Stats

  • This quiz has been taken 126 times
  • The average score is 24 of 38

Answer Stats

CountryPlayerFull List% Correct
AustraliaAlex de Minaur | Nick Kyrgios | John Millman | +7 othersAlex de Minaur | Nick Kyrgios | John Millman | James Duckworth | Alexei Popyrin | Alex Bolt | Jordan Thompson | Thanasi Kokkinakis | Christopher O'Connell | Aleksandar Vukic
95%
ArgentinaDiego Schwartzman | Federico Delbonis | Federico Coria | +5 othersDiego Schwartzman | Federico Delbonis | Federico Coria | Facundo Bagnis | Sebastián Báez | Tomás Martín Etcheverry | Marco Trungelliti | Juan Manuel Cerúndolo
91%
CanadaFélix Auger-Aliassime | Denis Shapovalov
90%
FranceGaël Monfils | Ugo Humbert | Benoît Paire | +7 othersGaël Monfils | Ugo Humbert | Benoît Paire | Adrian Mannarino | Richard Gasquet | Arthur Rinderknech | Benjamin Bonzi | Corentin Moutet | Hugo Gaston | Lucas Pouille
88%
BulgariaGrigor Dimitrov
88%
CroatiaMarin Čilić
87%
GermanyAlexander Zverev | Jan-Lennard Struff | Philipp Kohlschreiber | +6 othersAlexander Zverev | Jan-Lennard Struff | Philipp Kohlschreiber | Peter Gojowczyk | Yannick Hanfmann | Oscar Otte | Dominik Köpfer | Daniel Altmaier | Maximilian Marterer
86%
GreeceStéfanos Tsitsipás
85%
ItalyMatteo Berrettini | Jannik Sinner | Lorenzo Sonego | +7 othersMatteo Berrettini | Jannik Sinner | Lorenzo Sonego | Fabio Fognini | Lorenzo Musetti | Andreas Seppi | Salvatore Caruso | Marco Cecchinato | Gianluca Mager | Stefano Travaglia
84%
RussiaDaniil Medvedev | Andrey Rublev | Aslan Karatsev | +2 others<small>Daniil Medvedev | Andrey Rublev | Aslan Karatsev | Karen Khachanov | Roman Safiullin
83%
SpainRafael Nadal | Roberto Bautista-Agut | Pablo Carreño Busta | +9 othersRafael Nadal | Roberto Bautista-Agut | Pablo Carreño Busta | Carlos Alcaraz | Alejandro Davidovich Fokina | Pablo Andújar | Roberto Carballés Baena | Albert Ramos-Viñolas | Pedro Martínez | Feliciano López | Jaume Munar | Carlos Taberner
83%
BelgiumDavid Goffin
82%
United KingdomCameron Norrie | Daniel Evans | Andy Murray | +1 otherCameron Norrie | Daniel Evans | Andy Murray | Liam Broady
79%
ChileCristian Garín | Alejandro Tabilo | Marcelo Tomás Barrios Vera
78%
United StatesTaylor Fritz | John Isner | Reilly Opelka | +12 othersTaylor Fritz | John Isner | Reilly Opelka | Frances Tiafoe | Maxime Cressy | Tommy Paul | Steve Johnson | Sam Querrey | Sebastian Korda | Marcos Giron | Denis Kudla | Mackenzie McDonald | Brandon Nakashima | Ernesto Escobedo | Stefan Kozlov
78%
KazakhstanAlexander Bublik | Mikhail Kukushkin | Timofey Skatov
73%
South AfricaKevin Anderson | Lloyd Harris
72%
SerbiaMiomir Kecmanović | Dušan Lajović | Laslo Djere | +2 othersMiomir Kecmanović | Dušan Lajović | Laslo Djere | Filip Krajinović | Nikola Milojević
72%
PolandHubert Hurkacz | Kamil Majchrzak
70%
DenmarkHolger Rune
66%
JapanYoshihito Nishioka | Taro Daniel
64%
GeorgiaNikoloz Basilashvili
63%
PortugalJoão Sousa
57%
SwedenMikael Ymer
57%
NetherlandsBotic van de Zandschulp | Tallon Griekspoor
54%
HungaryMárton Fucsovics
53%
BrazilThiago Monteiro
53%
CzechiaJiří Veselý | Jiří Lehečka | Tomáš Macháč
50%
South KoreaKwon Soon-woo
49%
FinlandEmil Ruusuvuori
46%
Bosnia and HerzegovinaDamir Džumhur
42%
MoldovaRadu Albot
42%
LithuaniaRičardas Berankis
38%
SlovakiaAlex Molčan | Norbert Gombos
33%
BelarusEgor Gerasimov
32%
SwitzerlandHenri Laaksonen
26%
EcuadorEmilio Gómez
23%
Chinese TaipeiTseng Chun-hsin
17%

Score Distribution

Percentile by Number Answered

Percent of People with Each Score

Your Score History

You have not taken this quiz